00453nam a22001577a 450000500170000001000150001702000260003203500140005803700130007208200130008510000180009824500500011626000380016627000690020430000220027320190130152056.0 aENG-124680 a9789389393248c475.00 aEN-108212 bDBAD/PUB a783.0092 aDwivedi,Richa aClassical singer's of indiacby Richa Dwivedi aNew Delhi bSaket Prakashanc2016 a5, Upendra Nath Ashk Marg,Old Khusro Bagh RoadbAllahbade211001 a168p. c21cm.(Hb)